000 00438nam a2200157 i 4500
001 102521
003 ES-MaACL
005 20230906183127.0
007 t|
008 051111s1917 fr ||||1| fre d
100 1 _aMerezhkovsky, Dmitry Sergeyevich.
_980486
245 1 3 _aLe Isar et la révolution /
_cDimitri Merejkowsky.
260 _aParis :
_bMercure de France,
_c1917.
300 _a283 p. ;
_c19 cm.
852 _aES-MaACL
_jF-2962
999 _c102521
_d102521